LEADER 01394nam a2200277 4500 001 000000353928 003 CaOOAMICUS 005 20231102165605.0 008 230522s1993 it a 000 u ita r 020 $a88-7119-652-X 040 $aSeMil$bita 245 10$aNaufragi :$batti del Convegno di Studi Cagliari 8-9-10 aprile 1992 /$ca cura di Laura Sannia Nowé, Maurizio Virdis. 264 1$aRoma :$bBulzoni,$c1993. 300 $aXXXII, 699 p. :$bill. ;$c21 cm 490 1 $aUniversità degli studi di Cagliari, Dipartimento di filologie e letterature moderne ;$v10 650 4$aNaufragio nella letteratura - Congressi - 1992.$0(OLS)http://semarc/subject/53799 700 1 $aVirdis, Maurizio <1949- >.$0(OLS)http://semarc/name/118609 700 1 $aSannia Nowé, Laura.$0(OLS)http://semarc/name/117551 830 0$aUniversità degli studi di Cagliari, Dipartimento di filologie e letterature moderne ;$v10.$0(OLS)http://semarc/title/401631 850 $aSeMil 852 $aSeMil$W1$xVenegono$y1$m1O II 376$j240749$B245133$CSeMilBibl$Z2$F245133 $81 961 $aPerego don Stefano - Omaggio 996 $6020$a88-7119-652-X$9(OLS)http://semarc/number/298239 996 $6245$aNaufragi :$batti del Convegno di Studi Cagliari 8-9-10 aprile 1992$9(OLS)http://semarc/title/444073 996 $6264$aRoma :$bBulzoni$9(OLS)http://semarc/publisher/30302 LEADER 00660nam a2200205 i 4500 001 000000235116 003 CaOOAMICUS 005 20141029000000.0 008 141029n it u000 u ita u 013 $a214019 040 $aSeMil$bita 245 10$a2. 300 $a356 p. 500 $aFondo card. Giovanni Colombo. 773 0 $aVerzeri, Teresa Eustochio $tLibro dei doveri.$b5. ed.$dBergamo : Cattaneo, 1952.$w()30837 850 $aSeMil 852 $aSeMil$W1$xVenegono$y1$m3GC VI 99$j185462$B185462$CSeMilBibl$Z2$F196590 $8B 941 1 $a3 961 $aLascito: Colombo Card. Giovanni 996 $6245$a2$9(OLS)http://semarc/title/46889